The great importance of redeeming time : a sermon preached before the Queen, in St. James's Chapel ; on the 3d day of March, 1714 /

Bibliographic Details
Main Author: Reeves, William, 1667-1726
Other Authors: Bowyer, William, 1663-1737 (Printer)
Format: Book
Language:English
Published: London : Printed by W.B. for Richard Sare at Gray's-Inn-Gate in Holborn, 1714.
Subjects:

MARC

Tag First Indicator Second Indicator Subfields
LEADER 00000cam a2200000Ii 4500
001 in00003838413
005 20180814113332.0
008 770120s1714 enk 000 0 eng d
035 |a (OCoLC)ocn221371854 
040 |a AU@  |b eng  |e rda  |c AU@  |d OCLCQ  |d UKMGB  |d OCLCO  |d OCLCQ  |d TXA 
016 7 |a 015312227  |2 Uk 
035 |a (OCoLC)221371854 
050 4 |a BV4598.5  |b .R44 1714b 
049 |a TXAM 
100 1 |a Reeves, William,  |d 1667-1726. 
245 1 4 |a The great importance of redeeming time :  |b a sermon preached before the Queen, in St. James's Chapel ; on the 3d day of March, 1714 /  |c By William Reeves, Chaplain in Ordinary to Her Majesty, and Vicar of St. Mary's in Reading. Published by Her Majesty's Special Command. 
264 1 |a London :  |b Printed by W.B. for Richard Sare at Gray's-Inn-Gate in Holborn,  |c 1714. 
300 |a 24 pages ;  |c 20 cm (octavo) 
336 |a text  |b txt  |2 rdacontent 
337 |a unmediated  |b n  |2 rdamedia 
338 |a volume  |b nc  |2 rdacarrier 
500 |a Signatures: A-C⁴. 
500 |a On text: Coloss. iv. 5. 
500 |a Printed by William Bowyer. Cf. ESTC. 
500 |a NUC this work not listed. 
500 |a The Cushing Library/Rare Books copy was acquired as part of the Lois Goddard Morrison Collection of Eighteenth Century Literature.  |5 TXA 
510 4 |a ESTC,  |c N30833 
650 0 |a Time  |x Religious aspects  |x Christianity  |v Sermons  |v Early works to 1800. 
610 2 0 |a Church of England  |v Sermons  |v Early works to 1800. 
630 0 0 |a Bible.  |p Colossians.  |n vi, 5  |v Sermons. 
650 0 |a Sermons, English  |y 17th century. 
700 1 |a Bowyer, William,  |d 1663-1737,  |e printer. 
700 1 |a Sare, Richard,  |d -1724,  |e bookseller. 
752 |a England  |d London. 
948 |a cataloged  |b h  |c 2017/4/11  |d enhance  |e fpiscitelli  |f 4:44:53 pm 
949 |a updated  |b h  |c 2018/8/14  |e fpiscitelli  |f 11:33:09 am 
994 |a C0  |b TXA 
999 f f |s dfb2ab3c-a4ce-3942-996a-48f16f96db97  |i cf973abe-d983-3cc5-a6f6-5339b3d52320  |t 0 
952 f f |p noncirc  |a Texas A&M University  |b College Station  |c Cushing Memorial Library & Archives  |d Cushing: Rare Books (Does not check out)  |t 0  |e BV4598.5 .R44 1714b  |h Library of Congress classification  |i unmediated -- volume  |m A14851970559 
998 f f |a BV4598.5 .R44 1714b  |t 0  |l Cushing: Rare Books (Does not check out)